| 000 | 00434cam a2200157ua 4500 | ||
|---|---|---|---|
| 003 | OSt | ||
| 008 | 240215b |||||||| |||| 00| 0 eng d | ||
| 041 | _aeng | ||
| 082 |
_a551.5 _bMOR/ME |
||
| 100 |
_aMoran, Joseph M . _96042 |
||
| 245 | _aMeteorlogy : atmosphere and the science of weather / | ||
| 260 |
_aNewyork : _bMacmillan publishing co. , _c1989. |
||
| 300 | _a557 ; . | ||
| 700 | 1 |
_aMorgan , Michael D . _96043 |
|
| 942 | _cBK | ||
| 999 |
_c10003 _d10003 |
||